| 000 | 01055nam a22002657a 4500 | ||
|---|---|---|---|
| 999 |
_c65337 _d65337 |
||
| 005 | 20240530110819.0 | ||
| 008 | 190710s2018 ua bf f b 000 0 ara d | ||
| 017 |
_a5976/2018 _bمصر. دار الكتب |
||
| 020 | _a9789774524664 | ||
| 040 |
_aEG-CaGPL _cEG-CaGPL |
||
| 082 | 0 | 4 |
_221 _a962.1/ _bق/ح و |
| 100 | 0 | _aحسام عبدالباسط | |
| 245 | 1 | 0 |
_aوصف الاسكندرية / _cاعداد حسام عبدالباسط ؛ تقديم مصطفى الفقى |
| 260 |
_aالاسكندرية : _bمكتبة الاسكندرية، _c2018. |
||
| 300 |
_a182 ص. : _bايض ؛ _c32 سم. |
||
| 490 | 0 |
_aسلسلة ذاكرة مصر المعاصرة ؛ _v18. |
|
| 504 | _aيشتمل على ارجاعات ببليوجرافية | ||
| 650 | _2qrmak | ||
| 651 | 0 | 7 |
_2qrmak _aالاسكندرية _xتاريخ |
| 651 | 0 | 7 |
_2qrmak _aالاسكندرية _xوصف ورحلات |
| 651 | 0 | 7 |
_2qrmak _aالاسكندرية _xمحافظة |
| 700 | 0 |
_aمصطفى الفقى _eمقدم |
|
| 942 |
_2ddc _cBK |
||